[Event "2nd International Chess Festiv"]
[Site "Paracin"]
[Date "2009.08.23"]
[Round "6.26"]
[White "Blazeka, Matej"]
[Black "Ilic, Slobodan S"]
[Result "1/2-1/2"]
[WhiteElo "2072"]
[BlackElo "2215"]
[PlyCount "93"]
[EventDate "2009.08.19"]

1. e4 g6 2. d4 Bg7 3. Nc3 d6 4. Be3 c6 5. Nf3 b5 6. Qd2 Nf6 7. Bd3 Qc7 8. Bh6
O-O 9. Bxg7 Kxg7 10. O-O b4 11. Nd1 c5 12. e5 Ne8 13. Be4 Bb7 14. Bxb7 Qxb7 15.
dxc5 dxc5 16. Ne3 Qd7 17. Rfd1 Qxd2 18. Rxd2 Nc7 19. Nd5 Nxd5 20. Rxd5 Rc8 21.
Rad1 e6 22. Rd6 Nc6 23. Kf1 Rc7 24. Rd7 Rac8 25. Ke2 h6 26. R1d6 g5 27. h3 Kg6
28. g4 a5 29. Kd3 c4+ 30. Ke4 Ne7 31. Nd4 Rxd7 32. Rxd7 Nd5 33. Nf5 a4 34. Nd6
Rf8 35. Nxc4 f5+ 36. gxf5+ Rxf5 37. Ne3 Rxf2 38. Nxd5 exd5+ 39. Rxd5 Rxc2 40.
Ra5 Rxb2 41. Rxa4 b3 42. axb3 Rxb3 43. h4 gxh4 44. Kf4 h3 45. Ra1 h2 46. Rh1
Rb2 47. Kg3 1/2-1/2

[Event "2nd International Chess Festiv"]
[Site "Paracin"]
[Date "2009.08.23"]
[Round "6.27"]
[White "Stefanovic, Vladimir"]
[Black "Tausanov, Mihail"]
[Result "0-1"]
[WhiteElo "2177"]
[BlackElo "1914"]
[PlyCount "64"]
[EventDate "2009.08.19"]

1. Nf3 c5 2. g3 g6 3. Bg2 Bg7 4. O-O Nc6 5. c4 Nf6 6. Nc3 O-O 7. d3 d6 8. a3 a6
9. Rb1 Rb8 10. b4 cxb4 11. axb4 b5 12. cxb5 axb5 13. Bd2 Bd7 14. Qc1 Qc8 15.
Bh6 Bh3 16. Bxg7 Kxg7 17. Qb2 Bxg2 18. Kxg2 Kg8 19. d4 Qb7 20. Qd2 Rfd8 21.
Rfc1 e5 22. Qg5 Kg7 23. d5 Nd4 24. Nxe5 h6 25. Qf4 dxe5 26. Qxe5 Nf5 27. e4 Re8
28. Qf4 Nxe4 29. Nxe4 Qxd5 30. f3 g5 31. Nc3 Qd3 32. Qc7 Rbc8 0-1

[Event "2nd International Chess Festiv"]
[Site "Paracin"]
[Date "2009.08.23"]
[Round "6.28"]
[White "Djuretanovic, Ivan"]
[Black "Vucinic, Gojko"]
[Result "0-1"]
[WhiteElo "2150"]
[BlackElo "1937"]
[PlyCount "89"]
[EventDate "2009.08.19"]

1. e4 c5 2. Nf3 d6 3. c3 Nf6 4. Be2 Bg4 5. e5 dxe5 6. Nxe5 Bxe2 7. Qxe2 Nbd7 8.
d4 cxd4 9. cxd4 e6 10. Nc3 Be7 11. O-O O-O 12. Be3 Nxe5 13. dxe5 Nd5 14. Bd4
Nxc3 15. Bxc3 Qb6 16. Kh1 Rfd8 17. f4 Bb4 18. f5 Bxc3 19. bxc3 exf5 20. Rxf5
Qe6 21. Raf1 Rd7 22. Qe3 Qxa2 23. Qg3 Qa3 24. Rg5 Qf8 25. h4 Rad8 26. Rf4 Rd3
27. Qg4 Rxc3 28. Qf5 Rc6 29. h5 Re6 30. Rfg4 g6 31. Qf4 Qg7 32. Kg1 Rde8 33. h6
Qxh6 34. Rxg6+ Qxg6 35. Rxg6+ hxg6 36. Qa4 a6 37. Qd7 R8e7 38. Qd8+ Kg7 39. Kf2
Rxe5 40. Kg3 R5e6 41. Kg4 Re4+ 42. Kh3 b6 43. g4 b5 44. Kh4 Re3 45. Qd4+ 0-1

[Event "2nd International Chess Festiv"]
[Site "Paracin"]
[Date "2009.08.23"]
[Round "6.29"]
[White "Grkovic, Milan"]
[Black "Zajic, Milan"]
[Result "1-0"]
[WhiteElo "2137"]
[BlackElo "1933"]
[PlyCount "75"]
[EventDate "2009.08.19"]

1. d4 d5 2. c4 c6 3. Nc3 Nf6 4. Nf3 dxc4 5. a4 Bf5 6. Ne5 Nbd7 7. Nxc4 Nb6 8.
Ne5 a5 9. f3 Nfd7 10. Nd3 e6 11. e4 Bg6 12. Nf4 Bb4 13. h4 h6 14. Nxg6 fxg6 15.
Qd3 Qe7 16. Be3 O-O-O 17. O-O-O Kb8 18. Kb1 e5 19. d5 cxd5 20. Nxd5 Nxd5 21.
exd5 Nc5 22. Qc2 Qd6 23. Bb5 Rc8 24. Qf2 Nb3 25. f4 e4 26. f5 Ka8 27. Bf4 Qf6
28. Qe3 Qxf5 29. Rhf1 Nc5 30. d6 Nd7 31. Bxh6 Qe6 32. Bg5 Bc5 33. Bxd7 Qxd7 34.
Qxe4 Rc6 35. Qe7 Qg4 36. Be3 Bxd6 37. Rxd6 Rxd6 38. Rf8+ 1-0

[Event "2nd International Chess Festiv"]
[Site "Paracin"]
[Date "2009.08.23"]
[Round "6.31"]
[White "Bulatovic, Ilija"]
[Black "Stojkovska, Monika"]
[Result "0-1"]
[WhiteElo "1975"]
[BlackElo "1889"]
[PlyCount "96"]
[EventDate "2009.08.19"]

1. e4 c5 2. Nf3 Nc6 3. Nc3 d6 4. d4 cxd4 5. Nxd4 Nf6 6. Be2 e5 7. Nb3 Be7 8.
O-O O-O 9. f4 a5 10. Be3 Be6 11. f5 Bd7 12. Nd2 Nd4 13. Nf3 Nxe2+ 14. Qxe2 Bc6
15. Rad1 Qc7 16. Bf2 Ng4 17. Kh1 Nxf2+ 18. Rxf2 Rfd8 19. Nd5 Bxd5 20. Rxd5 Ra6
21. Qd3 Rc8 22. c3 a4 23. Ne1 a3 24. Rb5 Rb6 25. bxa3 Rxb5 26. Qxb5 Qxc3 27.
Nf3 Qc6 28. Qd3 Qb6 29. Rf1 Qa6 30. Qxa6 bxa6 31. h3 Rc2 32. Rb1 Rxa2 33. Rb8+
Bf8 34. Rb3 Re2 35. Rb6 Rxe4 36. Rxa6 Rf4 37. a4 Rxf5 38. Ra8 Rf4 39. a5 Ra4
40. Kg1 e4 41. Ne1 Ra1 42. Kf2 d5 43. g4 g5 44. Rb8 Rxa5 45. Ke3 Kg7 46. Kd4
Be7 47. Ke5 Bf6+ 48. Kf5 Ra2 0-1

[Event "2nd International Chess Festiv"]
[Site "Paracin"]
[Date "2009.08.23"]
[Round "6.32"]
[White "Blazeka, Djuro"]
[Black "Helin, Mikael"]
[Result "1/2-1/2"]
[WhiteElo "1928"]
[BlackElo "1973"]
[PlyCount "131"]
[EventDate "2009.08.19"]

1. e4 c5 2. Nf3 a6 3. c3 d5 4. exd5 Nf6 5. d4 cxd4 6. cxd4 Nxd5 7. Nc3 e6 8.
Bc4 b5 9. Nxd5 bxc4 10. Ne3 Qc7 11. Qa4+ Bd7 12. Qxc4 Qb7 13. Qb3 Qxb3 14. axb3
Bb5 15. Nc4 Nc6 16. Bd2 Rd8 17. Bc3 Nb4 18. O-O Be7 19. Rad1 O-O 20. Rd2 Rc8
21. Rfd1 Nd5 22. h3 Bxc4 23. bxc4 Nxc3 24. bxc3 Rxc4 25. Ra2 Ra8 26. Rda1 a5
27. Rxa5 Rxa5 28. Rxa5 f6 29. d5 exd5 30. Rxd5 Rxc3 31. Rd7 Kf7 32. Kf1 Ke6 33.
Rd2 Bb4 34. Rb2 Bc5 35. Ra2 g5 36. Ra6+ Kf7 37. Ra2 h5 38. Ke2 Bd6 39. Rb2 Rc7
40. Ra2 h4 41. Rd2 Bf4 42. Rb2 Bd6 43. Nd2 Bc5 44. Rc2 Re7+ 45. Kf1 Bd6 46. Nf3
Bf4 47. Rb2 Re4 48. Re2 Rb4 49. Rc2 Kg6 50. Ra2 Re4 51. Re2 Ra4 52. Rc2 Re4 53.
Re2 Rxe2 54. Kxe2 f5 55. Nd4 g4 56. hxg4 fxg4 57. Kf1 Be5 58. Ne2 Kf5 59. Ng1
Ba1 60. Ne2 Ke4 61. Ng1 Kd3 62. Ne2 Be5 63. Ng1 Bh2 64. Ne2 Kd2 65. Nd4 Kd3 66.
Ne2 1/2-1/2

[Event "2nd International Chess Festiv"]
[Site "Paracin"]
[Date "2009.08.23"]
[Round "6.35"]
[White "Kasparova, Yeva"]
[Black "Milenkovic, Blagoje"]
[Result "0-1"]
[WhiteElo "1778"]
[BlackElo "2155"]
[PlyCount "66"]
[EventDate "2009.08.19"]

1. d4 Nf6 2. Nf3 e6 3. e3 d5 4. c4 c5 5. Nc3 cxd4 6. exd4 Bb4 7. cxd5 Nxd5 8.
Bd2 O-O 9. Bc4 Bxc3 10. bxc3 b6 11. O-O Ba6 12. Qa4 Bxc4 13. Qxc4 Nd7 14. Qe2
Rc8 15. c4 N5f6 16. a4 Qc7 17. Rfc1 Qb7 18. a5 Rc6 19. Bf4 Re8 20. a6 Qc8 21.
Ne5 Nxe5 22. Bxe5 Nd7 23. Bf4 Nf8 24. Be3 Rd8 25. c5 Nd7 26. Qb5 bxc5 27. dxc5
Qc7 28. Qb7 Rc8 29. Qxc7 R8xc7 30. Rd1 f6 31. Ra5 Kf7 32. Rc1 e5 33. Kf1 Ke6
0-1

[Event "2nd International Chess Festiv"]
[Site "Paracin"]
[Date "2009.08.23"]
[Round "6.36"]
[White "Mijovic, Cedomir"]
[Black "Milosavljevic, Milica"]
[Result "1/2-1/2"]
[WhiteElo "2048"]
[BlackElo "1786"]
[Annotator ",compaq"]
[PlyCount "41"]
[EventDate "2009.08.19"]

1. e4 c5 2. Nf3 d6 3. h3 Nf6 4. d3 e6 5. c3 Be7 6. Be2 O-O 7. O-O a6 8. a4 b6
9. Nh2 Bb7 10. b3 Nbd7 11. f4 $11 b5 12. Nd2 Qb6 13. Kh1 Rac8 14. a5 Qc7 15. c4
b4 16. Ndf3 d5 17. e5 Ne8 18. Bb2 dxc4 19. dxc4 Nb8 20. Ra2 Qd7 21. Qxd7
1/2-1/2

[Event "2nd International Chess Festiv"]
[Site "Paracin"]
[Date "2009.08.23"]
[Round "6.37"]
[White "Maljevic, Aleksa"]
[Black "Milosavljevic, Marija"]
[Result "0-1"]
[WhiteElo "1687"]
[BlackElo "1848"]
[PlyCount "128"]
[EventDate "2009.08.19"]

1. e4 c5 2. Nf3 d6 3. d4 cxd4 4. Nxd4 Nf6 5. Nc3 a6 6. a4 e6 7. Be3 b6 8. Bd3
Be7 9. O-O Bb7 10. f4 Nbd7 11. Nb3 O-O 12. f5 e5 13. Kh1 d5 14. Nxd5 Nxd5 15.
exd5 Bxd5 16. Nd2 Qc7 17. Be4 Nf6 18. Bxd5 Nxd5 19. Bf2 Rfd8 20. Qb1 Rac8 21.
c4 Nf6 22. Qc2 Ng4 23. b3 Bc5 24. Bxc5 Qxc5 25. Ne4 Qc6 26. Qe2 Nf6 27. Nc3 Qc5
28. Rad1 Rd4 29. Qf2 Rcd8 30. Rxd4 Qxd4 31. Qxd4 exd4 32. Rd1 Re8 33. Nb1 h6
34. h3 Re3 35. Nd2 Nh5 36. Kg1 Nf4 37. b4 Rg3 38. Kf2 Rc3 39. h4 Nd3+ 40. Ke2
Nxb4 41. Rb1 a5 42. Rb3 Rc1 43. Rb1 Rc2 44. Ra1 Kf8 45. Ra3 Ke7 46. Kd1 Ra2 47.
Rxa2 Nxa2 48. Nf3 Nc3+ 49. Kc2 Nxa4 50. Nxd4 Kd6 51. Kb3 Nc5+ 52. Kc2 Ke5 53.
Kc3 Ne4+ 54. Kd3 Ng3 55. Nc6+ Kxf5 56. Ne7+ Ke5 57. Nc8 Nf5 58. Nxb6 Kd6 59.
Kc3 Nxh4 60. g3 Nf5 61. Kb3 Nxg3 62. Ka4 Ne4 63. Kxa5 h5 64. Kb5 h4 0-1